Members of the dream smp 2021 - Statistics

General Stats
  • This quiz has been taken 2,704 times
    1,666 since last reset
  • The average score is 27 of 33
Answer Stats
Members % Correct
Dream
100%
Georgenotfound
98%
Sapnap
98%
Tommyinnit
98%
Tubbo
96%
Wilbur Soot
94%
Nihachu
91%
Ranboo
91%
Badboyhalo
90%
Ph1LzA
88%
Quackity
88%
Technoblade
88%
Skeppy
87%
Fundy
85%
Karl
85%
Punz
85%
Captain puffy
84%
Ponk
84%
Awesamdude
82%
Purpled
82%
Callahan
80%
Alyssa
78%
Hannahxrose
78%
Jack Manifold
78%
Eret
77%
FoolishG
73%
Antfrost
72%
Vikkstar
69%
Hbomb
68%
Connoreatspants
67%
Slimecicle
64%
LazarBeam
60%
Michaelmcchill
33%
No matching quizzes found
Score Distribution
Percent of People with Each Score
Percentile by Number Answered
Your Score History
You have not taken this quiz since the last reset